| 000 | 00770nam a2200241 a 4500 | ||
|---|---|---|---|
| 008 | |||
| 020 | _a0073221112 (pbk.) | ||
| 049 | _aMAIN | ||
| 090 |
_aHD47.3 _bHIL |
||
| 245 | 0 |
_aStudy guide for use with : _aCost management strategies for business decisions : _bRonald W. Hilton, Michael W. Maher [and] Frank H Selto / _c prepared by Janice Mereba. |
|
| 260 |
_aBoston : _bMcGraw-Hill Irwin, _c2008. |
||
| 300 | _a4th ed. | ||
| 300 |
_aiii, 416 p. : _bill. ; _c27 cm. |
||
| 650 | 1 | _aManagement. | |
| 700 | _aSelto, H Frank. | ||
| 700 | _aMaher,W Maher. | ||
| 700 | _aMereba Janice. | ||
| 907 |
_a.b10288119 _b12-03-14 _c25-11-10 |
||
| 003 | |||
| 005 | 20230123125115.0 | ||
| 040 | _cNUST | ||
| 942 |
_cBOOKS _kHD47.3 _mHIL |
||
| 999 |
_c135843 _d135843 |
||